Normal view
MARC view
Entry Nombre personal
001 - NÚMERO DE CONTROL
- campo de control: 17778
003 - IDENTIFICADOR DEL NÚMERO DE CONTROL
- campo de control: OSt
005 - FECHA Y HORA DE LA ÚLTIMA TRANSACCIÓN
- campo de control: 20210511110157.0
008 - DATOS DE LONGITUD FIJA
- campo de control de longitud fija: 200615|| aca||aabn | a|a d
040 ## - FUENTE DE LA CATALOGACIÓN
- Centro catalogador/agencia de origen: OSt
- Centro/agencia transcriptor: OSt
100 1# - ENCABEZAMIENTO-NOMBRE DE PERSONA
- Nombre de persona: Lajara Burgos, Luis Homero,
- Fechas asociadas al nombre: 1920-1994
370 ## - LUGAR ASOCIADO
- Lugar de nacimiento: República Dominicana
375 ## - GÉNERO/SEXO
- Género/Sexo: Masculino
377 ## - LENGUA/LENGUAJE ASOCIADO
- Código del idioma: spa
400 1# - TRAZADO DE VÉASE--NOMBRE DE PERSONA
- Nombre de persona: Burgos, Luis Homero Lajara,
- Fechas asociadas al nombre: 1920-1994
670 ## - FUENTE DE DATOS ENCONTRADOS
- Cita de la fuente: Lajara Solá, Homero Luis, Del sable a la pluma /, 2017.
670 ## - FUENTE DE DATOS ENCONTRADOS
- Cita de la fuente: Tesis político económica para el desarrollo en nuestro tiempo, 1975
